| 000 | 01185nac a22002531u 4500 | ||
|---|---|---|---|
| 010 | _a 2003270579 | ||
| 020 | _a0471452335 | ||
| 082 | 0 | 0 |
_a621.319 _bD6955 |
| 090 |
_c84 _d84 |
||
| 100 | _aDorf, Richard C. | ||
| 245 | 1 | 0 |
_aIntroduction to electric circuits / _cRichard C. Dorf, James A. Svoboda. |
| 246 | 3 | _aElectric circuits | |
| 250 | _a6th ed. | ||
| 260 |
_aNew York : _bWiley, _cc2004. |
||
| 300 |
_axxii, 809 p. : _bill. (some col.) ; _c26 cm. + _e1 computer laser optical disc (4 3/4 in.) |
||
| 538 | _aSystem requirements for accompanying computer disc: Windows 95, 98, NT, 2000 and Macintosh. | ||
| 650 | 0 | _aElectric circuits. | |
| 700 | 1 | _aSvoboda, James A. | |
| 856 | 4 | 2 |
_3Contributor biographical information _uhttp://www.loc.gov/catdir/bios/wiley046/2003270579.html |
| 856 | 4 | 2 |
_3Publisher description _uhttp://www.loc.gov/catdir/description/wiley039/2003270579.html |
| 856 | 4 | 2 |
_3Table of contents _uhttp://www.loc.gov/catdir/toc/wiley032/2003270579.html |
| 942 |
_cBB _k621.319D6955 |
||
| 999 |
_c84 _d84 |
||